| 000 -LEADER |
| fixed length control field |
00318nam a2200109Ia 4500 |
| 008 - FIXED-LENGTH DATA ELEMENTS--GENERAL INFORMATION |
| fixed length control field |
201216s9999 xx 000 0 und d |
| 100 ## - MAIN ENTRY--PERSONAL NAME |
| Personal name |
Ruffner, Robert H. |
| 245 #0 - TITLE STATEMENT |
| Title |
Handbook of publicity & public relations for the non-profit organization |
| 260 ## - PUBLICATION, DISTRIBUTION, ETC. |
| Place of publication, distribution, etc. |
Englewood Cliffs |
| Name of publisher, distributor, etc. |
Prentice Hall |
| 300 ## - PHYSICAL DESCRIPTION |
| Extent |
247 |
| 942 ## - ADDED ENTRY ELEMENTS (KOHA) |
| Koha item type |
Books |